Better rural careers.

Bibliographic Details
Main Author: Chapman, Paul W. (Paul Wilber), 1891-1953
Corporate Author: Science Research Associates, Chicago
Format: Book
Language:English
Published: Chicago, Atlanta : Science Research Associates, Book Division, 1942.
Edition:National edition.
Subjects:

MARC

Tag First Indicator Second Indicator Subfields
LEADER 00000cam a2200000 4500
001 in00000051773
005 20151007074012.0
008 800611s1942 ilua 00010 eng c
010 |a e 43000152  
035 |a (OCoLC)06406584 
035 |9 AAF0767AM 
040 |a U.S. Off. of educ. Library  |c TXA  |d UtOrBLW 
049 |a TXAM  |c [141612] 
050 0 |a S494.5  |b .C48 1942 
082 0 |a 630.69 
092 |a 630.69  |b C465b 
100 1 |a Chapman, Paul W.  |q (Paul Wilber),  |d 1891-1953. 
245 1 0 |a Better rural careers. 
250 |a National edition.  |b [By] Paul W. Chapman ... 
264 1 |a Chicago,  |a Atlanta :  |b Science Research Associates, Book Division,  |c 1942. 
300 |a 264 pages including frontispiece, illustrations ;  |c 20 cm. 
336 |a text  |b txt  |2 rdacontent 
337 |a unmediated  |b n  |2 rdamedia 
338 |a volume  |b nc  |2 rdacarrier 
650 0 |a Agriculture  |z United States. 
650 0 |a Vocational guidance. 
650 0 |a Sociology, Rural. 
710 2 |a Science Research Associates, Chicago. 
999 |a MARS 
999 f f |s 31e74014-a2b3-3182-a3b5-2bf464f7f99b  |i 5c6b1d04-a801-3c62-a1f2-12aebdbd368a  |t 0 
952 f f |p ric  |a Texas A&M University  |b Rellis Campus  |c Joint Library Facility  |d Remote Storage  |t 0  |e S494.5 .C48 1942  |h Library of Congress classification  |i unmediated -- volume  |m A14801055746 
998 f f |a S494.5 .C48 1942  |t 0  |l Remote Storage